000 00779nam a2200289Ia 4500
003 OSt
005 20230302092457.0
008 210210b2006 xxu||||| |||| 00| 0 eng d
020 _a8121905486
040 _cAL
041 _aeng
082 _a580/338
_bSHUT
100 _aShukla R S
_973771
110 _aP S Chandel
_973772
245 _aTextbook of plant ecology including ethnobotany and soil science
250 _a10
260 _aNew Delhi
_bS. Chand & Co. Ltd.
_c2006
300 _aviii,538p.
_bPB
_c21x14cm.
650 _aEthnobotany
_973773
650 _aSoil Science
_973774
650 _aBiodiversity
_973775
690 _aPlant Ecology
_973776
700 _aSHUKLA (R S)
_973777
700 _aCHANDEL (P S)
_973778
906 _aSG04812
942 _2ddc
_cSG
999 _c115715
_d115715